|
|
|
|
| LEADER |
00000nam0a2200000 4500 |
| 001 |
183743 |
| 005 |
20231101223802.0 |
| 035 |
|
|
|a (RuTPU)RU\TPU\book\199198
|
| 090 |
|
|
|a 183743
|
| 100 |
|
|
|a 20100820d2010 k y0rusy50 ca
|
| 101 |
0 |
|
|a rus
|
| 102 |
|
|
|a RU
|
| 105 |
|
|
|a a z 001zy
|
| 200 |
1 |
|
|a Горный информационно-аналитический бюллетень
|h № 7
|f под ред. Л. А. Пучкова
|
| 210 |
|
|
|a Москва
|c Горная книга
|d 2010
|
| 215 |
|
|
|a 422 с.
|c ил.
|
| 225 |
1 |
|
|a Горный информационно-аналитический бюллетень
|x 0236-1493
|
| 320 |
|
|
|a Библиогр. в конце ст.
|
| 606 |
1 |
|
|a Горное дело
|2 stltpush
|3 (RuTPU)RU\TPU\subj\7566
|9 35173
|
| 610 |
1 |
|
|a открытые горные работы
|
| 610 |
1 |
|
|a месторождения
|
| 610 |
1 |
|
|a подземная разработка
|
| 610 |
1 |
|
|a горные породы
|
| 610 |
1 |
|
|a разрушение
|
| 610 |
1 |
|
|a экономика
|
| 610 |
1 |
|
|a управление
|
| 610 |
1 |
|
|a полезные ископаемые
|
| 610 |
1 |
|
|a обогащение
|
| 610 |
1 |
|
|a горные машины
|
| 610 |
1 |
|
|a горное оборудование
|
| 610 |
1 |
|
|a рудная геология
|
| 610 |
1 |
|
|a недропользование
|
| 610 |
1 |
|
|a экология
|
| 610 |
1 |
|
|a безопасность
|
| 610 |
1 |
|
|a металлургия
|
| 610 |
1 |
|
|a скважинные технологии
|
| 610 |
1 |
|
|a горные инженеры
|
| 610 |
1 |
|
|a депонированные рукописи
|
| 610 |
1 |
|
|a диссертационные работы
|
| 610 |
1 |
|
|a диссертации
|
| 610 |
1 |
|
|a препринты
|
| 675 |
|
|
|a 622
|v 3
|
| 702 |
|
1 |
|a Пучков
|b Л. А.
|4 340
|
| 801 |
|
1 |
|a RU
|b 63413507
|c 20100820
|
| 801 |
|
2 |
|a RU
|b 63413507
|c 20231009
|g RCR
|
| 942 |
|
|
|c BK
|